000 00435nam a2200181Ia 4500
001 13891
005 20260306164834.0
008 260306t2003||||xx |||||||||||||| ||spa||
041 _aESP
082 _aS 005.43
_bT19
100 _aTanenbaum, Andrew S.
_eAUT
245 0 _aSistemas operativos modernos
260 _c2003
300 _axxiv, 976 páginas :
_c24 cm.
650 _aGEN
654 _aCCC
942 _cLIB
_dJUS
_fJUS
_2ddc
_n
999 _c13891
_d13891